Statistics for Jász-Nagykun-Szolnok megye települései

Click here to take the quiz!

General Stats

  • This quiz has been taken 5 times
  • The average score is 8 of 78

Answer Stats

Válaszok% Correct
Szolnok
100%
Jászapáti
50%
Jászberény
50%
Jászdózsa
50%
Jászivány
50%
Jászladány
50%
Újszász
50%
Zagyvarékas
50%
Jászalsószentgyörgy
25%
Jászárokszállás
25%
Jászboldogháza
25%
Jászfelsőszentgyörgy
25%
Jászjákóhalma
25%
Jászkisér
25%
Jászszentandrás
25%
Karcag
25%
Kunmadaras
25%
Martfű
25%
Szászberek
25%
Tiszaföldvár
25%
Tiszafüred
25%
Tiszaroff
25%
Tószeg
25%
Abádszalók
0%
Alattyán
0%
Berekfürdő
0%
Cibakháza
0%
Csataszög
0%
Csépa
0%
Cserkeszőlő
0%
Besenyszög
0%
Fegyvernek
0%
Hunyadfalva
0%
Jánoshida
0%
Jászágó
0%
Jászfényszaru
0%
Jásztelek
0%
Kenderes
0%
Kengyel
0%
Kétpó
0%
Kisújszállás
0%
Kőtelek
0%
Kuncsorba
0%
Kunhegyes
0%
Kunszentmárton
0%
Mesterszállás
0%
Mezőhék
0%
Mezőtúr
0%
Nagyiván
0%
Nagykörű
0%
Nagyrév
0%
Öcsöd
0%
Örményes
0%
Pusztamonostor
0%
Rákóczifalva
0%
Rákócziújfalu
0%
Szajol
0%
Szelevény
0%
Tiszabő
0%
Tiszabura
0%
Tiszaderzs
0%
Tiszagyenda
0%
Tiszaigar
0%
Tiszainoka
0%
Tiszajenő
0%
Tiszakürt
0%
Tiszaörs
0%
Tiszapüspöki
0%
Tiszasas
0%
Tiszasüly
0%
Tiszaszentimre
0%
Tiszaszőlős
0%
Tiszatenyő
0%
Tiszavárkony
0%
Tomajmonostora
0%
Törökszentmiklós
0%
Túrkeve
0%
Vezseny
0%

Score Distribution

Percentile by Number Answered

Percent of People with Each Score

Your Score History

You have not taken this quiz